[Event "Challenge"]
[Site "http://www.queenalice.com/game.php?id=235820"]
[Date "2007.7.7"]
[Round "-"]
[White "Halcon99"]
[Black "cicero"]
[Result "1-0"]
[WhiteElo "1771"]
[BlackElo "1172"]

1. c4 e5 2. Nc3 Nf6 3. d3 Bb4 4. Bg5 Bxc3+ 5. bxc3 h6 6. Bh4 O-O 7. e4 Nc6 8.
Nf3 d6 9. Be2 Bg4 10. Nd2 Bxe2 11. Qxe2 g5 12. Bg3 Qe7 13. a4 a5 14. Rb1 b6 15.
O-O h5 16. h4 g4 17. f3 gxf3 18. Qxf3 Ng4 19. Rbe1 Qe6 20. Qf5 Qxf5 21. Rxf5 f6
22. Rxh5 Kg7 23. Rf5 Ne7 24. Rf3 c5 25. d4 cxd4 26. cxd4 Rac8 27. d5 Kf7 28. Bf2
Nxf2 29. Kxf2 Ng8 30. g4 Nh6 31. Rg3 Rg8 32. Reg1 Ke7 33. g5 fxg5 34. Rxg5 Rxg5
35. Rxg5 Rg8 36. Rxg8 Nxg8 37. Nf3 Nf6 38. Ng5 Ng4+ 39. Kg3 Ne3 40. Ne6 Nxc4 41.
h5 Kf7 42. Kg4 Nb2 43. Kf5 Nxa4 44. h6 Kg8 45. Kg6 Nc5 46. Ng5 a4 47. h7+ Kh8
48. Nf7# 1-0

[Event "Challenge"]
[Site "http://www.queenalice.com/game.php?id=246563"]
[Date "2007.7.27"]
[Round "-"]
[White "flucris2701"]
[Black "cicero"]
[Result "1-0"]
[WhiteElo "1666"]
[BlackElo "1100"]

1. e4 e5 2. Nf3 Nc6 3. Nc3 Nf6 4. Bb5 a6 5. Bxc6 dxc6 6. Nxe5 Bb4 7. O-O Bxc3 8.
dxc3 Qxd1 9. Rxd1 Nxe4 10. Re1 f5 11. f3 Nc5 12. Ng6+ Ne6 13. Nxh8 Ke7 14. Bf4
Bd7 15. Ng6+ hxg6 16. Bxc7 Kf7 17. Bb6 Nf4 18. Rad1 Be6 19. b3 Re8 20. Rd8 Rxd8
21. Bxd8 Ke8 22. Bg5 Kf7 23. Bxf4 b5 24. a3 a5 25. b4 axb4 26. cxb4 Bd5 27. h4
Be6 28. c3 Ke7 29. Kf2 Kd7 30. Ke3 Bb3 31. Kd4 Bd5 32. Be5 Kc8 33. Bxg7 Kb7 34.
Kc5 Bc4 35. Re6 Bxe6 36. Kd6 Bc4 37. f4 Bf1 38. g3 Bh3 39. Ke6 Bg4 40. Kf6 Bh5
41. Kg5 Kc7 42. Kh6 Kd6 43. Bf8+ Kd5 44. Bg7 1-0

[Event "Challenge"]
[Site "http://www.queenalice.com/game.php?id=246564"]
[Date "2007.7.27"]
[Round "-"]
[White "cicero"]
[Black "flucris2701"]
[Result "0-1"]
[WhiteElo "1100"]
[BlackElo "1668"]

1. e4 e5 2. Nf3 Nc6 3. Bb5 Nf6 4. Bxc6 dxc6 5. d3 Be7 6. Bg5 O-O 7. Nxe5 h6 8.
Bxf6 Bxf6 9. Qh5 Bxe5 10. Qxe5 Re8 11. Qg3 c5 12. Nc3 Qg5 13. Qxc7 Qxg2 14. Rf1
b6 15. O-O-O Bh3 16. Rg1 Qxf2 17. Qg3 Qxg3 18. Rxg3 Bf5 19. exf5 Re5 20. f6 g6
21. Ne4 a5 22. Nd6 Rf5 23. Nxf5 Re8 24. Nxh6+ Kf8 25. Ng4 Re2 26. Re3 Rxe3 27.
Nxe3 Ke8 28. Re1 Kd7 29. Nd5 Kc6 30. Re7 Kxd5 31. Rxf7 Ke6 32. Rb7 Kxf6 33.
Rxb6+ Kf5 34. Rc6 g5 35. Rxc5+ Kf4 36. Rc4+ Kf3 37. d4 g4 38. Rc3+ Ke4 39. Rd3
a4 40. d5 Ke5 41. c4 Kd6 42. c5+ Kxc5 43. d6 Kc6 44. d7 g3 0-1

[Event "Challenge"]
[Site "http://www.queenalice.com/game.php?id=258853"]
[Date "2007.8.21"]
[Round "-"]
[White "samuka_dt"]
[Black "cicero"]
[Result "0-1"]
[WhiteElo "1145"]
[BlackElo "1172"]

1. e4 c5 2. d4 cxd4 3. Qxd4 Nc6 4. Qc4 d6 5. Nc3 e5 6. Nf3 Be6 7. Qb5 Qb6 8. Be3
Qxb5 9. Bxb5 Ne7 10. Bxc6+ bxc6 11. Rd1 Ng6 12. O-O a6 13. Ne2 Be7 14. Ng5 Bxg5
15. Bxg5 Rb8 16. Rxd6 h6 17. Bh4 Nxh4 18. Rxc6 Rxb2 19. Rxa6 O-O 20. g3 Nf3+ 21.
Kh1 Bc4 22. Nd4 Bxa6 23. Rd1 Nxd4 24. f4 Bb7 25. fxe5 Nxc2 26. Rd2 Bxe4+ 27. Kg1
Rb1+ 28. Kf2 Rh1 29. Re2 Rxh2+ 30. Kg1 Rxe2 31. Kf1 Bf3 32. a4 Rd8 0-1

[Event "AUTO-OPEN-835"]
[Site "http://www.queenalice.com/game.php?id=274239"]
[Date "2007.9.19"]
[Round "1"]
[White "Smurf"]
[Black "cicero"]
[Result "1-0"]
[WhiteElo "1453"]
[BlackElo "1100"]

1. d4 Nf6 2. Nc3 e6 3. Bg5 h6 4. Bxf6 Qxf6 5. a3 d5 6. e3 Nc6 7. Bb5 Qg5 8. g3
a6 9. Bxc6+ bxc6 10. Nf3 Qh5 11. O-O Bd6 12. Ne5 Qxd1 13. Raxd1 Bxe5 14. dxe5 a5
15. e4 dxe4 16. Nxe4 Ba6 17. Rfe1 Rd8 18. Rxd8+ Kxd8 19. Rd1+ Ke7 20. Nc5 Be2
21. Rd7+ Ke8 22. Rxc7 Rf8 23. Rxc6 g5 24. f4 Bf3 25. Rc8+ Ke7 26. Rxf8 Kxf8 27.
b4 axb4 28. axb4 gxf4 29. gxf4 h5 30. b5 Ke8 31. b6 1-0

[Event "AUTO-OPEN-835"]
[Site "http://www.queenalice.com/game.php?id=274240"]
[Date "2007.9.19"]
[Round "1"]
[White "cicero"]
[Black "Smurf"]
[Result "0-1"]
[WhiteElo "1092"]
[BlackElo "1455"]

1. e4 Nc6 2. Nf3 e5 3. Bb5 Nd4 4. Bd3 Nxf3+ 5. Qxf3 Bc5 6. Nc3 Nf6 7. h3 O-O 8.
Nd5 Nxd5 9. exd5 d6 10. Qe4 g6 11. h4 Bf5 12. Qf3 Qf6 13. Bxf5 Qxf5 14. Qxf5
gxf5 15. d3 Rfe8 16. Rg1 h5 17. Bd2 Re7 18. a3 Rae8 19. Bb4 Bxb4+ 20. axb4 e4
21. O-O-O e3 22. f4 e2 23. Rde1 c6 24. c4 Re3 25. Kd2 R3e7 26. g3 cxd5 27. cxd5
Kg7 28. Rg2 Kg6 29. Rgxe2 Rxe2+ 30. Rxe2 Rxe2+ 0-1

[Event "AUTO-OPEN-835"]
[Site "http://www.queenalice.com/game.php?id=274261"]
[Date "2007.9.19"]
[Round "1"]
[White "lordpaulo"]
[Black "cicero"]
[Result "0-1"]
[WhiteElo "1710"]
[BlackElo "1206"]

1. c4 d5 2. cxd5 Qxd5 3. Nc3 Qf5 4. e4 Qg6 5. d4 Nf6 6. e5 Ne4 7. g3 e6 8. Bd3
Bb4 9. Bxe4 Bxc3+ 10. bxc3 Qxe4+ 11. Be3 Qxh1 12. f3 Qxh2 13. Qa4+ Nc6 14. O-O-O
Qxg3 15. Bd2 Bd7 16. Qa3 b6 17. Kc2 h6 18. f4 Nxd4+ 19. Kb2 Qd3 20. cxd4 Qxa3+
21. Kxa3 O-O-O 22. Nf3 Bc6 23. Ne1 Rxd4 24. Nc2 Rhd8 25. Nb4 Kb7 26. Nxc6 Kxc6
27. Rc1+ Kb7 28. Be1 Rxf4 0-1

[Event "AUTO-OPEN-835"]
[Site "http://www.queenalice.com/game.php?id=274262"]
[Date "2007.9.19"]
[Round "1"]
[White "cicero"]
[Black "lordpaulo"]
[Result "1-0"]
[WhiteElo "1206"]
[BlackElo "1710"]

1. e4 c5 2. Bc4 d6 3. Nf3 g6 4. Ng5 e6 5. Qf3 Qxg5 6. Nc3 Bg7 7. d4 Qf6 8. Qxf6
Nxf6 9. d5 exd5 10. Bxd5 O-O 11. Bf4 Rd8 12. O-O Na6 13. h3 Nb4 14. Rfc1 Nbxd5
15. exd5 b6 16. Re1 Bb7 17. Rad1 a6 18. a3 b5 19. g4 Ne8 20. Ne4 Bxb2 21. c3
Bxa3 22. f3 b4 23. c4 Kg7 24. Bg5 f6 25. Bf4 g5 26. Bg3 Bb2 27. f4 Bd4+ 28. Kg2
1-0

[Event "Challenge"]
[Site "http://www.queenalice.com/game.php?id=306537"]
[Date "2007.11.19"]
[Round "-"]
[White "flucris2701"]
[Black "cicero"]
[Result "1-0"]
[WhiteElo "1643"]
[BlackElo "1204"]

1. e4 c5 2. Nf3 Nc6 3. Nc3 d6 4. Bc4 Bg4 5. Bd5 Bxf3 6. Qxf3 Ne5 7. Qe3 Ng4 8.
Qf3 Ne5 9. Qe3 Ng4 10. Qf3 N8f6 11. Bxb7 Rb8 12. Bc6+ Nd7 13. Qxg4 e6 14. Bxd7+
Qxd7 15. O-O h5 16. Qf4 g6 17. Qf6 Rh7 18. d4 cxd4 19. Qxd4 Bg7 20. Qd3 Rc8 21.
Rd1 Bf8 22. Bf4 Rc6 23. Nb5 Kd8 24. e5 d5 25. Nd4 Rc4 26. b3 Rc7 27. Bg5+ Be7
28. Bxe7+ Qxe7 29. g3 h4 30. a4 Qg5 31. Qe3 Qxe3 32. fxe3 hxg3 33. hxg3 Rh5 34.
Kg2 Rxe5 35. Kf3 Rh5 36. Rh1 Rxh1 37. Rxh1 Rc3 38. Rh8+ Ke7 39. Ra8 e5 40. Rxa7+
Kf6 41. Ra6+ Kg5 42. Ne2 e4+ 43. Kf2 Rxc2 44. b4 Rb2 45. b5 f5 46. b6 Kg4 47. a5
g5 48. Ra7 f4 49. gxf4 gxf4 50. exf4 d4 51. b7 d3 52. Ke1 Rxe2+ 53. Kd1 Rb2 54.
a6 Kxf4 55. Ra8 Ke3 56. b8=Q Rg2 57. Qb6+ Kf3 58. Rf8+ Kg3 59. Qg6+ Kh2 60. Qxe4
Rg1+ 61. Kd2 Rg3 62. a7 Rg2+ 63. Kxd3 Rg3+ 64. Qe3 Rxe3+ 65. Kxe3 Kg3 66. a8=Q
Kg4 67. Qf3+ Kh4 68. Qh1+ Kg5 69. Qg1+ Kh6 70. Rh8# 1-0

[Event "Challenge"]
[Site "http://www.queenalice.com/game.php?id=306539"]
[Date "2007.11.19"]
[Round "-"]
[White "cicero"]
[Black "flucris2701"]
[Result "1-0"]
[WhiteElo "1204"]
[BlackElo "1623"]

1. Nc3 Nf6 2. h3 Nc6 3. Nf3 e5 4. d4 exd4 5. Nxd4 Nxd4 6. Qxd4 Be7 7. Bg5 h6 8.
Bxf6 Bxf6 9. Qe4+ Qe7 10. Qxe7+ Bxe7 11. a3 O-O 12. Nd5 Bd6 13. O-O-O b6 14. e4
Bb7 15. Bc4 Bxd5 16. exd5 Bf4+ 17. Kb1 d6 18. Rhe1 Rae8 19. Bb5 Rxe1 20. Rxe1
Bg5 21. Bd7 Rd8 22. Bc6 a5 23. g4 Bh4 24. Rf1 Rf8 25. f4 g5 26. f5 f6 27. c4 Kg7
28. Kc2 Rf7 29. Kd3 Re7 30. b4 axb4 31. axb4 Rf7 32. Ra1 Rf8 33. Ra7 Rc8 34. Bd7
Rb8 35. Rxc7 Kf7 36. Be6+ Ke8 37. Rh7 Rd8 38. Rh8+ Ke7 39. Rxh6 Ra8 40. Rh7+ Kd8
41. Rh8+ Ke7 42. Rxa8 Bg3 43. Ra6 Bf2 44. Kc2 Kd8 45. Ra7 b5 46. Rd7+ Kc8 47.
Rxd6+ Kc7 48. Rc6+ Kb7 49. cxb5 Be3 50. d6 Bb6 51. Bc8+ Ka7 52. Be6 Kb7 53. Bc8+
Kb8 54. Rxb6+ Kxc8 55. d7+ Kxd7 56. Rxf6 Ke7 57. Rg6 Kd7 58. f6 Ke6 59. b6 Ke5
60. f7 Kf4 61. f8=Q+ Kg3 62. b7 Kxh3 63. b8=Q Kxg4 64. Rxg5+ Kh3 65. Qh8# 1-0

[Event "Challenge"]
[Site "http://www.queenalice.com/game.php?id=391227"]
[Date "2008.4.21"]
[Round "-"]
[White "ORNELAS"]
[Black "cicero"]
[Result "1-0"]
[WhiteElo "1572"]
[BlackElo "1206"]

1. e4 e5 2. Nf3 Nc6 3. Bc4 h6 4. O-O d6 5. d3 Bg4 6. Nbd2 Nd4 7. c3 Nxf3+ 8.
Nxf3 Nf6 9. h3 Bxf3 10. Qxf3 a6 11. b4 Qe7 12. Be3 O-O-O 13. a4 g5 14. Ba7 Qd7
15. Qxf6 Rh7 16. b5 a5 17. b6 c6 18. Qf3 d5 19. exd5 cxd5 20. Bb5 Qd6 21. Qf5+
Qe6 22. Qxh7 Qf6 23. c4 Bg7 24. cxd5 Rxd5 25. Rac1+ Kd8 26. Qg8+ Ke7 27. Rc7+
Kd6 28. Rxb7 Kc5 29. Rc1+ Kd4 30. Bc4 Rc5 31. Rxf7 Qc6 32. Rxg7 e4 33. b7 exd3
34. Bxc5+ Qxc5 35. Rd7+ Ke4 36. Qg6+ Kf4 37. Rf7+ Ke5 38. Re1+ Kd4 39. Rd7+ Kc3
40. b8=Q d2 41. Rxd2 Kxd2 42. Qd8+ Kc3 43. Qdd3+ Kb4 44. Qb3# 1-0

[Event "Challenge"]
[Site "http://www.queenalice.com/game.php?id=446712"]
[Date "2008.8.10"]
[Round "-"]
[White "flucris2701"]
[Black "cicero"]
[Result "0-1"]
[WhiteElo "1473"]
[BlackElo "1204"]

1. g3 e6 2. Bg2 d5 3. Nc3 Nc6 4. e3 Bb4 5. a3 Bxc3 6. dxc3 Nf6 7. Nf3 h6 8. O-O
O-O 9. Nd4 Nxd4 10. cxd4 b6 11. Bd2 a5 12. Bh3 e5 13. Bxc8 Qxc8 14. dxe5 Ng4 15.
Bc3 Qe6 16. Kg2 Nxe5 17. Bxe5 Qxe5 18. c3 c6 19. f4 Qxe3 20. Rf3 Qe4 21. h3 Rfe8
22. Kf2 Re7 23. Qe1 Qc2+ 24. Qe2 Qxe2+ 25. Kg1 Qxf3 26. Rf1 Qxg3+ 27. Kh1 Re1
28. Rxe1 Qxe1+ 29. Kg2 Re8 30. a4 Re3 31. b4 Qg3+ 32. Kf1 Re1# 0-1

[Event "Challenge"]
[Site "http://www.queenalice.com/game.php?id=446713"]
[Date "2008.8.10"]
[Round "-"]
[White "cicero"]
[Black "flucris2701"]
[Result "1-0"]
[WhiteElo "1239"]
[BlackElo "1506"]

1. e4 e5 2. Bc4 Nf6 3. Qf3 Nc6 4. c3 Be7 5. Nh3 O-O 6. Ng5 d6 7. Nxf7 Qd7 8.
Nxe5+ Qe6 9. Bxe6+ Bxe6 10. Nxc6 bxc6 11. e5 dxe5 12. Qxc6 Rad8 13. Qxe6+ Rf7
14. O-O h6 15. c4 c5 16. Qxe5 Rd4 17. b3 Re4 18. Qb8+ Rf8 19. Qxa7 Ng4 20. Nc3
Re5 21. Nd5 Rf7 22. Bb2 Re6 23. Nxe7+ Kh7 24. Qxc5 Rexe7 25. h3 Ne5 26. Bxe5 g5
27. Rae1 Kg6 28. Qc6+ Kh7 29. Bc3 Rc7 30. Qe8 Kg6 31. Re6+ Kh5 32. Rfe1 g4 33.
R1e5+ Kh4 34. Rxh6# 1-0